000 01173cam a2200349 a 4500
001 3905551
003 OSt
005 20140310184426.0
008 910501s1992 nyua j 000 1 eng
010 _a 91019610
020 _a059044185X
040 _aDLC
_cDLC
_dDLC
042 _alcac
050 0 0 _aPZ 8.3
_b.L5884Bu 2006
082 0 0 _aKF
_bL59b 1992
100 1 _aLewison, Wendy Cheyette.
_96414
245 1 0 _aBuzz! :
_cMelvin & Gilda berger.
_ba book about insects /
260 _aNew York :
_bScholastic,
_c1992.
300 _a1 v. (unpaged) :
_bcol. ill. ;
_c24 cm.
440 0 _aHello reader!
_nLevel 1
_96415
521 _aG4
526 _c370
650 1 _aAnimal sounds
_xFiction.
_96416
650 1 _aStories in rhyme.
_95554
700 1 _aWilhelm, Hans,
_d1945-
_eill.
_96417
856 4 2 _3Publisher description
_uhttp://www.loc.gov/catdir/enhancements/fy1117/91019610-d.html
906 _a7
_bcbc
_corignew
_d1
_eocip
_f19
_gy-gencatlg
942 _2lcc
_cBK-SCHOLAS
999 _c34313
_d34313